00249pam a2200085 a 4500020000500000041000500005100001500010245007300025260006500098 c h aJ.P. Yadav aMicroplanning - A Guide to participatory Natural Resource Management c 2001 Natraj publishers, Dehradun